The clone wars : (Record no. 3982)

MARC details
000 -LEADER
fixed length control field 01433cam a22003617a 4500
001 - CONTROL NUMBER
control field 3982
003 - CONTROL NUMBER IDENTIFIER
control field FISKH
005 - DATE AND TIME OF LATEST TRANSACTION
control field 20240529102045.0
008 - FIXED-LENGTH DATA ELEMENTS--GENERAL INFORMATION
fixed length control field 110217s2008 nyua j 000 0 eng d
010 ## - LIBRARY OF CONGRESS CONTROL NUMBER
LC control number 2011380739
020 ## - INTERNATIONAL STANDARD BOOK NUMBER
International Standard Book Number 9780448449944 (pbk.)
020 ## - INTERNATIONAL STANDARD BOOK NUMBER
International Standard Book Number 0448449943 (pbk.)
035 ## - SYSTEM CONTROL NUMBER
System control number (OCoLC)ocn234919482
040 ## - CATALOGING SOURCE
Original cataloging agency INB
Transcribing agency INB
Modifying agency IH7
-- BAKER
-- UPZ
-- JED
-- F4B
-- XY4
-- PFO
-- BTCTA
-- DLC
Language of cataloging eng
042 ## - AUTHENTICATION CODE
Authentication code lccopycat
050 00 - LIBRARY OF CONGRESS CALL NUMBER
Classification number PZ7.S84443
Item number Ne 2008
082 ## - DEWEY DECIMAL CLASSIFICATION NUMBER
Classification number 813.6
100 1# - MAIN ENTRY--PERSONAL NAME
Personal name Stevens, Eric,
Dates associated with a name 1974-
245 14 - TITLE STATEMENT
Title The clone wars :
Remainder of title The new Padawan /
Statement of responsibility, etc. adapted by Eric Stevens.
260 ## - PUBLICATION, DISTRIBUTION, ETC.
Place of publication, distribution, etc. New York :
Name of publisher, distributor, etc. Grosset & Dunlap,
Date of publication, distribution, etc. 2008.
300 ## - PHYSICAL DESCRIPTION
Extent 48 pages :
Other physical details color illustrations ;
Dimensions 23 cm
500 ## - GENERAL NOTE
General note Based on the movie "Star Wars : The Clone Wars"
500 ## - GENERAL NOTE
General note "Lucas Books"--P. [4] of cover.
520 ## - SUMMARY, ETC.
Summary, etc. Now that Anakin Skywalker is a full-fledged Jedi Knight, his days of being a Padawan learner are behind him. But the Jedi Council has assigned him a Padawan of his own. Her name is Ahsoka, and this young girl just might be more than the Jedi can handle.
526 0# - STUDY PROGRAM INFORMATION NOTE
Program name Accelerated Reader/Renaissance Learning
Interest level LG
Reading level 3.9
Title point value 1.
600 11 - SUBJECT ADDED ENTRY--PERSONAL NAME
Personal name Vader, Darth
Titles and other words associated with a name (Fictitious character)
Form subdivision Fiction.
650 #0 - SUBJECT ADDED ENTRY--TOPICAL TERM
Topical term or geographic name entry element Life on other planets
Form subdivision Fiction.
650 #0 - SUBJECT ADDED ENTRY--TOPICAL TERM
Topical term or geographic name entry element Space warfare
Form subdivision Fiction.
650 #0 - SUBJECT ADDED ENTRY--TOPICAL TERM
Topical term or geographic name entry element Fantasy.
906 ## - LOCAL DATA ELEMENT F, LDF (RLIN)
a 7
b cbc
c copycat
d 2
e ncip
f 20
g y-gencatlg
942 ## - ADDED ENTRY ELEMENTS (KOHA)
Source of classification or shelving scheme Dewey Decimal Classification
Koha item type Books
Suppress in OPAC No
Holdings
Withdrawn status Lost status Source of classification or shelving scheme Damaged status Not for loan Collection Home library Current library Shelving location Date acquired Total Checkouts Full call number Barcode Date last seen Price effective from Koha item type
    Dewey Decimal Classification     Fiction Footprints International School Library Network Toul Kork Campus Footprints International School Library Network Toul Kork Campus A TK Campus, 4th Floor, Room B401, Fiction Bookcases (1-6) 05/29/2024   STE 813.6 PZ7.S84443 FISTK00440 05/29/2024 05/29/2024 Books